000 00434nam a2200169Ia 4500
008 221030s9999 xx 000 0 und d
020 _a9332901384
041 _aEnglish
100 _aA. Silberschatz
245 0 _aDatabase Systems Concepts
_cby A. Silberschatz, H. F. Korth
250 _a6th
260 _bMcGraw - Hill Pub.
_aNew Delhi
_c2013
300 _a1349
650 _aBE Computer
700 _aH. F. Korth
942 _cBK
999 _c15297
_d15297